000 00312nam a22001337a 4500
008 181019b xxu||||| |||| 00| 0 eng d
020 _a9780323030106
041 _aeng
080 _26 ED
_a610.73
100 _a2
101 _aINF
245 _aNursing Theorits And Their Work
_cTomey.A.M
942 _2udc
_cBK
999 _c50199
_d50199